Introducción a las políticas públicas
Guardat en:
| Autor principal: | |
|---|---|
| Format: | Llibre |
| Idioma: | espanyol |
| Publicat: |
Santiago
Fondo de Cultura Económica
2002
|
| Col·lecció: | Breviarios del Fondo de Cultura Económica, 538
|
| Matèries: | |
| Etiquetes: |
Afegir etiqueta
Sense etiquetes, Sigues el primer a etiquetar aquest registre!
|
MARC
| LEADER | 00000nam a2200000 a 4500 | ||
|---|---|---|---|
| 001 | UCM7791 | ||
| 003 | CL-VaPUC | ||
| 008 | 030110e20020000CL |||||||||||||||||spa|d | ||
| 082 | 0 | 4 | |a 320.6 |b LAH |2 21 |
| 100 | |a Lahera Parada, Eugenio |e author |9 530914 | ||
| 245 | 1 | 0 | |a Introducción a las políticas públicas |
| 300 | |a 305 p | ||
| 942 | |c BK | ||
| 945 | |d 20030110 00:00:00 |a cmena | ||
| 260 | |a Santiago |b Fondo de Cultura Económica |c 2002 | ||
| 650 | 0 | |a Políticas públicas |9 309677 | |
| 650 | 7 | |a GESTION GUBERNAMENTAL |2 CL-VaPUC |9 466715 | |
| 650 | 7 | |a ELABORACION DE POLITICAS |2 CL-VaPUC |9 335865 | |
| 650 | 0 | |a Desarrollo económico y social |9 256320 | |
| 583 | |a last modification |c 20030110 00:00:00 |k Rodrigo Vera | ||
| 490 | 0 | |a Breviarios del Fondo de Cultura Económica, 538 | |
| 999 | |c 302461 |d 302459 | ||
| 952 | |0 0 |1 0 |4 0 |6 320_600000000000000_LAH_2002 |7 0 |8 A |9 363044 |a BIBGIM |b BIBGIM |d 2019-11-21 |i 3876128 |o 320.6 LAH 2002 |p 3876128 |r 2025-01-15 |w 2019-11-21 |y BK |k SSL | ||
| 952 | |0 0 |1 0 |4 0 |6 320_600000000000000_LAH_2002 |7 0 |8 A |9 363045 |a BIBEDU |b BIBEDU |d 2019-11-21 |i 3868664 |o 320.6 LAH 2002 |p 3868664 |r 2019-11-21 |w 2019-11-21 |y BK |k PSI | ||